Comunicación electrónica / (Record no. 144052)

MARC details
000 -LEADER
campo de control de longitud fija 00642nam a2200193 4500
001 - NÚMERO DE CONTROL
campo de control 144052
003 - IDENTIFICADOR DE NÚMERO DE CONTROL
campo de control ES-MaACL
005 - FECHA Y HORA DE LA ÚLTIMA TRANSACCIÓN
campo de control 20230906200931.0
007 - CAMPO FIJO DE DESCRIPCIÓN FÍSICA--INFORMACIÓN GENERAL
campo de control de longitud fija t|
008 - DATOS DE LONGITUD FIJA--INFORMACIÓN GENERAL
campo de control de longitud fija 070214s1968 sp r ||||1| spa d
100 1# - ENTRADA PRINCIPAL--NOMBRE DE PERSONA
Nombre de persona Shrader, Robert L.
9 (RLIN) 106165
245 10 - MENCIÓN DEL TÍTULO
Título Comunicación electrónica /
Mención de responsabilidad, etc. Robert L. Shrader ; traducción y adaptación de Gustavo Nieto Taladriz, Luis F. Juste Iribarren.
250 ## - MENCION DE EDICION
Mención de edición 2ª. ed.
260 ## - PUBLICACIÓN, DISTRIBUCIÓN, ETC.
Lugar de publicación, distribución, etc. Madrid :
Nombre del editor, distribuidor, etc. Ed. del Castillo,
Fecha de publicación, distribución, etc. 1968.
300 ## - DESCRIPCIÓN FÍSICA
Extensión 672 p. :
Otras características físicas il. ;
Dimensiones 27 cm.
700 1# - ENTRADA AGREGADA--NOMBRE PERSONAL
Nombre de persona Nieto Taladriz, Gustavo.
9 (RLIN) 85714
700 1# - ENTRADA AGREGADA--NOMBRE PERSONAL
Nombre de persona Juste Iribarren, Luis F.
9 (RLIN) 67352
852 ## - LOCALIZACIÓN
Ubicación ES-MaACL
Número de control de estantería C-56913
Sublocalización o colección R.68416
Holdings
Estatus retirado Estado de pérdida Estado de daño No para préstamo Biblioteca de origen Biblioteca actual Ubicación en estantería Fecha de adquisición Fuente de adquisición Total de préstamos Signatura topográfica completa Código de barras Visto por última vez Precio de reemplazo Tipo de ítem Koha
        Biblioteca del Ateneo de Madrid Biblioteca del Ateneo de Madrid Depósito 2 17/01/2008     C-56913 1149876 23/02/2023 23/02/2023 Libro impreso